Órdenes religosas entre América y Asia: ideas para una historia misionera de los espacios coloniales

Este libro aborda el estudio de las experiencias misioneras durante la primera edad moderna. Es esta una serie de ensayos cuyos autores, desde diversas perspectivas, intentan esclarecer la misión como lugar privilegiado de encuentro con el otro, de producción y transmisión del saber; espacio donde s...

Full description

Saved in:  
Bibliographic Details
Contributors: Corsi, Elisabetta (Contributor)
Format: Electronic Book
Language:Spanish
Check availability: HBZ Gateway
WorldCat: WorldCat
Interlibrary Loan:Interlibrary Loan for the Fachinformationsdienste (Specialized Information Services in Germany)
Published: Mexico, D.F. Colegio de Mexico 2008
In:Year: 2008
Edition:1. ed.
Further subjects:B HISTORY ; Asia ; General
B Conference papers and proceedings
B Monachisme et ordres religieux ; Asie ; Histoire ; Congres
B Monachisme et ordres religieux ; Amerique ; Histoire ; Congres
B Monasticism and religious orders Congresses History (America)
B Monasticism and religious orders ; America ; History ; Congresses
B Catholic Church Congresses Missions History (America)
B Catholic Church
B Missions
B History
B Catholic Church ; Missions ; Asia ; History ; Congresses
B Monasticism and religious orders ; Asia ; History ; Congresses
B Église catholique ; Missions ; Asie ; Histoire ; Congres
B Asia
B Catholic Church ; Missions ; America ; History ; Congresses
B Catholic Church Congresses Missions History (Asia)
B Monasticism and religious orders Congresses History (Asia)
B America
B Église catholique ; Missions ; Amerique ; Histoire ; Congres
B Monasticism and religious orders
Online Access: Volltext (kostenfrei)

MARC

LEADER 00000cam a22000002c 4500
001 1725026082
003 DE-627
005 20240408140541.0
007 cr uuu---uuuuu
008 200716s2008 xx |||||o 00| ||spa c
020 |a 9786076289419  |9 978-607-628-941-9 
035 |a (DE-627)1725026082 
035 |a (DE-599)KEP054234034 
035 |a (OCoLC)1195015925 
035 |a (DE-627-1)054234034 
035 |a (MUSE)musev2_74671 
040 |a DE-627  |b ger  |c DE-627  |e rakwb 
041 |a spa 
084 |a 0  |2 ssgn 
245 0 0 |a Órdenes religosas entre América y Asia  |b ideas para una historia misionera de los espacios coloniales  |c Elisabetta Corsi, coordinadora 
250 |a 1. ed. 
264 1 |a Mexico, D.F.  |b Colegio de Mexico  |c 2008 
300 |a 1 Online-Ressource (309 p.)  |b ill., maps 
336 |a Text  |b txt  |2 rdacontent 
337 |a Computermedien  |b c  |2 rdamedia 
338 |a Online-Ressource  |b cr  |2 rdacarrier 
500 |a "Centro de Estudios de Asia y África"--P. facing t.p. - Papers from a conference held at the Colegio de Mexico, Feb. 17, 2003. - Includes bibliographical references (p. 279-304). - Description based on print version record 
506 0 |a Open Access  |f Unrestricted online access  |2 star 
520 |a Este libro aborda el estudio de las experiencias misioneras durante la primera edad moderna. Es esta una serie de ensayos cuyos autores, desde diversas perspectivas, intentan esclarecer la misión como lugar privilegiado de encuentro con el otro, de producción y transmisión del saber; espacio donde se tejen de manera compleja las relaciones entre centro y periferia. 
601 |a Historie 
610 1 0 |a Catholic Church  |v Congresses  |x Missions  |x History  |z Asia 
610 1 0 |a Catholic Church  |v Congresses  |x Missions  |x History  |z America 
650 0 |a Monasticism and religious orders  |v Congresses  |x History  |z Asia 
650 0 |a Monasticism and religious orders  |v Congresses  |x History  |z America 
650 4 |a Catholic Church ; Missions ; Asia ; History ; Congresses 
650 4 |a Catholic Church ; Missions ; America ; History ; Congresses 
650 4 |a Monasticism and religious orders ; Asia ; History ; Congresses 
650 4 |a Monasticism and religious orders ; America ; History ; Congresses 
650 4 |a Église catholique ; Missions ; Asie ; Histoire ; Congres 
650 4 |a HISTORY ; Asia ; General 
650 4 |a Monachisme et ordres religieux ; Asie ; Histoire ; Congres 
650 4 |a Monachisme et ordres religieux ; Amerique ; Histoire ; Congres 
650 4 |a Église catholique ; Missions ; Amerique ; Histoire ; Congres 
650 4 |a Catholic Church  |0 (OCoLC)fst00531720 
650 4 |a Missions  |0 (OCoLC)fst01023771 
650 4 |a Monasticism and religious orders  |0 (OCoLC)fst01025128 
650 4 |a Asia  |0 (OCoLC)fst01240495 
650 4 |a America  |0 (OCoLC)fst01239786 
650 4 |a History  |0 (OCoLC)fst01411628 
650 4 |a Conference papers and proceedings  |0 (OCoLC)fst01423772 
700 1 |a Corsi, Elisabetta  |e MitwirkendeR  |4 ctb 
856 4 0 |u https://muse.jhu.edu/book/74671/  |m X:MUSE  |x Verlag  |z kostenfrei  |7 0 
912 |a ZDB-6-PMOA 
912 |a ZDB-6-PMU 
951 |a BO 
ELC |a 1 
OAS |a 1 
ORI |a SA-MARC-ixtheo_oa001.raw 
REL |a 1 
SUB |a REL 
SYE 0 0 |a Asien , Asia,Mar Asia